| 000 | 01670cam a2200421 a 4500 | ||
|---|---|---|---|
| 001 | 15434318 | ||
| 003 | OSt | ||
| 005 | 20231110104544.0 | ||
| 008 | 080830s2007 su b 000 0beng d | ||
| 010 | _a 2008334033 | ||
| 020 | _a9960983692 | ||
| 020 | _a9789960983691 | ||
| 035 | _a(OCoLC)ocn184963838 | ||
| 040 |
_aHLS _cHLS _dOCLCQ _dOCLCG _dPAU _dDLC |
||
| 041 | 1 |
_aeng _hara |
|
| 042 |
_alccopycat _alcode |
||
| 050 | 0 | 0 |
_aBP80.T56 _bI2513 2007 |
| 066 | _c(3 | ||
| 082 |
_a297.092 _bMAW/B |
||
| 100 | 1 |
_6880-01 _aIbn ʻAbdul-Maujood, Salaahud-Deen ibn ʻAlee. |
|
| 240 | 1 | 0 |
_6880-02 _aSīrat al-Imām al-Tirmidhī. _lEnglish |
| 245 | 1 | 4 |
_aThe biography of Imām at-Tirmidhī = _bSīrat al-Imām al-Tirmidhī / _cby Salahuddin ʻAli Abdul Mawjood ; translated by Abu Bakr ibn Nasir. |
| 246 | 3 | 1 |
_6880-03 _aSīrat al-Imām al-Tirmidhī |
| 250 | _a1st ed. | ||
| 260 |
_aRiyadh ; _aNew York : _bDarussalam, _c2007. |
||
| 300 |
_a372 p. ; _c22 cm. |
||
| 504 | _aIncludes bibliographical references. | ||
| 600 | 1 | 0 |
_aTirmidhī, Muḥammad ibn ʻĪsá, _d-892. |
| 650 | 0 |
_aHadith scholars _vBiography. |
|
| 650 | 0 |
_aMuslim scholars _vBiography. |
|
| 700 | 1 | _aIbn Nasir, Abu Bakr. | |
| 880 | 1 |
_6100-01/(3/r _aابن عبد الموجود، صلاح الدين بن علي. |
|
| 880 | 1 | 0 |
_6240-02/(3/r _aسيرة الإمام الترمذي. _lإنجليزي |
| 880 | 3 | 1 |
_6246-03/(3/r _aسيرة الإمام الترمذي |
| 906 |
_a7 _bcbc _ccopycat _d3 _encip _f20 _gy-nonroman |
||
| 942 |
_2ddc _cBK _h297.092 _iMAW/B _k297.092 _mMAW/B |
||
| 999 |
_c43018 _d43018 |
||